Eastern Utah Libraries Catalog: Duchesne, Heber, Roosevelt, & Vernal

Big pink pig / (Record no. 34317)

MARC details
000 -LEADER
fixed length control field 00973cam a2200349 a 4500
003 - CONTROL NUMBER IDENTIFIER
control field OCoLC
005 - DATE AND TIME OF LATEST TRANSACTION
control field 20241220114358.0
008 - FIXED-LENGTH DATA ELEMENTS--GENERAL INFORMATION
fixed length control field 011206s2000 nyua j 000 1 eng d
001 - CONTROL NUMBER
control field 48546764
020 ## - INTERNATIONAL STANDARD BOOK NUMBER
International Standard Book Number 0375813780 (pbk.) :
020 ## - INTERNATIONAL STANDARD BOOK NUMBER
Terms of availability $3.25
035 ## - SYSTEM CONTROL NUMBER
System control number (Sirsi) i9780375813788
040 ## - CATALOGING SOURCE
Original cataloging agency BKL
Transcribing agency BKL
049 ## - LOCAL HOLDINGS (OCLC)
Holding library UUPD
092 ## - LOCALLY ASSIGNED DEWEY CALL NUMBER (OCLC)
Classification number E Ric
099 ## - LOCAL FREE-TEXT CALL NUMBER (OCLC)
Classification number jp
-- Ricketts
092 ## - LOCALLY ASSIGNED DEWEY CALL NUMBER (OCLC)
Classification number RIC
100 1# - MAIN ENTRY--PERSONAL NAME
Personal name Ricketts, Trevor.
9 (RLIN) 37691
245 10 - TITLE STATEMENT
Title Big pink pig /
Statement of responsibility, etc created by Trevor Ricketts and Christopher O'Hare.
250 ## - EDITION STATEMENT
Edition statement 1st American ed.
260 ## - PUBLICATION, DISTRIBUTION, ETC. (IMPRINT)
Place of publication, distribution, etc New York :
Name of publisher, distributor, etc Random House,
Date of publication, distribution, etc c2000.
300 ## - PHYSICAL DESCRIPTION
Extent [24] p. :
Other physical details col. ill. ;
Dimensions 21 cm.
490 1# - SERIES STATEMENT
Series statement A Random House pictureback book
440 #0 - SERIES STATEMENT/ADDED ENTRY--TITLE
Title Please read to me
9 (RLIN) 22456
650 #0 - SUBJECT ADDED ENTRY--TOPICAL TERM
Topical term or geographic name as entry element Swine
Form subdivision Juvenile fiction.
9 (RLIN) 5675899
700 1# - ADDED ENTRY--PERSONAL NAME
Personal name O'Hare, Christopher.
9 (RLIN) 68013
752 ## - ADDED ENTRY--HIERARCHICAL PLACE NAME
Country or larger entity pa.
830 #0 - SERIES ADDED ENTRY--UNIFORM TITLE
Uniform title Random House pictureback book.
9 (RLIN) 49479
942 ## - ADDED ENTRY ELEMENTS (KOHA)
Koha item type BOOK
979 ## -
-- 450519
998 ## - LOCAL CONTROL INFORMATION (RLIN)
-- a75100
Holdings
Withdrawn status Lost status Source of classification or shelving scheme Damaged status Not for loan Collection code Home library Current library Shelving location Date acquired Source of acquisition Cost, normal purchase price Total Checkouts Total Renewals Full call number Barcode Date last seen Date checked out Cost, replacement price Price effective from Koha item type
    Dewey Decimal Classification     Children Picture Books Wasatch County Library Wasatch County Library Main Floor Childrens Area 11/06/2002 Penworthy 12.96 71 4 E Ric 34301000372930 07/10/2025 06/21/2025 12.96 03/20/2020 BOOK
This project was made possible through a grant from the Institute of Museum and Library Service administered by the Utah State Library Division.

Wasatch County Library

  • 465 East 1200 South, Heber City, Utah 84032
  • Phone 435-654-1511 | Fax 435-654-6456

Hours

  • Monday - Friday 9:30 AM - 8:00 PM
  • Saturday 9:30 AM - 1:30 PM
  • Closed Sundays and Holidays